[Event "Sharjah Master 2024"]
[Site "Shsrjah - Abu Dhabi"]
[Date "2024.05.16"]
[Round "?"]
[White "Mishra, Abhimanyu"]
[Black "Horvath, Dominik"]
[Result "1/2-1/2"]
[WhiteElo "2634"]
[BlackElo "2553"]
[PlyCount "53"]
[EventDate "2024.05.14"]
[EventCountry "UAE"]

1. e4 e5 2. Nf3 Nf6 3. d4 Nxe4 4. Bd3 Nc6 5. Nxe5 Nxe5 6. dxe5 d5 7. exd6 Nc5 $146 ({RR} 7... Nxd6 8. O-O Be7 9. Qf3 O-O 10. Nc3 Be6 11. Bf4 Bg5 12. Qh5 h6 13. Bxd6 Qxd6 14. Ne4 Qe5 15. Nxg5 Qxg5 {½-½ (15) Belyakov,B (2416)-Zvjaginsev,V (2572) Ufa RUS 2024}) 8. dxc7 Nxd3+ 9. Qxd3 Qxd3 10. cxd3 Bd6 11. Nc3 Bxc7 12. Be3 O-O 13. O-O Rd8 14. Rfd1 Bf5 15. d4 Ba5 16. d5 Bxc3 17. bxc3 Rac8 18. Rac1 Rc4 19. Bxa7 f6 20. Rd2 Kf7 $6 {Inaccuracy. Rdc8 was best.} (20... Rdc8 21. Bd4 Rd8 22. Bb6 Rdc8 23. d6 Rxc3 24. Rxc3 Rxc3 25. f3 Bd7 26. a4) 21. Be3 $6 {Inaccuracy. f3 was best.} (21. f3 h5 22. h3 h4 23. Rb2 Rxd5 24. Rxb7+ Rd7 25. Rxd7+ Bxd7 26. a3 Rc6) 21... b5 22. Bb6 Rdc8 23. d6 Rxc3 24. Rxc3 Rc7 $4 {Checkmate is now unavoidable. Rxc3 was best.} (24... Rxc3 25. h3) 25. Rc4 $4 {Lost forced checkmate sequence. Rxc7+ was best.} (25. Rxc7+ Kg6 26. d7 Bxd7 27. Rdxd7 Kf5 28. Rxg7 Ke5 29. Rxh7 Ke6 30. Rhe7+ Kd5) 25... Rxc4 26. h3 Rc3 $4 {Blunder. Bd7 was best.} (26... Bd7) 27. Re2 $4 {Blunder. d7 was best.} (27. d7 Rc1+ 28. Kh2 Bxd7 29. Rxd7+ Kg6 30. Be3 Ra1 31. Rd2 Rb1 32. Bd4 Rb4) 1/2-1/2

[Event "Sharjah Master 2024"]
[Site "Shsrjah - Abu Dhabi"]
[Date "2024.05.16"]
[Round "?"]
[White "Erdogmus, Yagiz Kaan"]
[Black "Suleymanli, Aydin"]
[Result "0-1"]
[WhiteElo "2553"]
[BlackElo "2621"]
[PlyCount "92"]
[EventDate "2024.05.14"]
[EventCountry "UAE"]

{[%evp 10,92,7,9,4,7,7,4,24,23,1,5,18,-2,6,-10,16,20,24,22,19,17,23,25,31,25,30,32,39,33,37,17,13,5,60,67,64,-25,-12,-85,-17,-34,-37,-39,-33,-132,-133,-131,-88,-92,-96,-198,-178,-185,-182,-234,-224,-263,-257,-245,-251,-237,-240,-298,-287,-286,-292,-489,-478,-487,-471,-479,-462,-477,-478,-556,-545,-552,-547,-550,-540,-29972,-29979,-29958,-29959]} 1. d4 Nf6 2. c4 e6 3. Nc3 Bb4 4. f3 c5 5. d5 d6 6. e4 b5 7. Nge2 bxc4 8. Nf4 e5 {The position is equal.} 9. Nfe2 $1 Nbd7 10. Ng3 Nb6 11. Be2 Ng8 12. h4 {[#]} f5 $1 {[%mdl 512]} 13. f4 $146 ({RR} 13. Nxf5 {13.exf5 0.19} Bxf5 14. exf5 Ne7 15. Bg5 O-O 16. Qc2 Qd7 17. Bxe7 $1 Qxe7 18. g4 Rae8 19. O-O-O Bxc3 $1 20. Qxc3 e4 21. f4 (21. Rde1 $15) 21... e3 (21... Rb8 $17 22. b3 cxb3 23. axb3 c4) 22. Bf3 $2 ({Better is} 22. h5 $15) 22... Na4 23. Qa3 c3 24. bxc3 $2 (24. Rde1 {keeps fighting.} cxb2+ 25. Kb1) 24... e2 25. Bxe2 Qe3+ 26. Rd2 Nxc3 27. Bd3 (27. Kc2 $142) 27... Ne4 {Navrotescu,A (2200)-Cosman,A (2115) London ENG 2024 0-1 (33)}) (13. exf5 Ne7) 13... Nf6 {Hoping for ...exf4.} 14. O-O O-O 15. fxe5 dxe5 {Threatens to win with ...Bxc3.} 16. exf5 Bb7 17. d6 Bxc3 18. bxc3 Bd5 19. a4 a5 20. Rb1 {White wants to play Bg5.} Qxd6 21. Nh5 Nfd7 22. f6 g6 (22... gxf6 23. Bg4 $17) 23. Qd2 (23. Bg5 $14) 23... Rf7 $36 {[%mdl 2048] Black is pushing.} 24. Qg5 $6 {Inaccuracy. Ng3 was best.} (24. Ng3 $1 Rxf6 25. Rxf6 Qxf6 26. Bg4 e4 27. Bxd7 e3 $1 28. Qxe3 Nxd7 29. Ba3 Bc6) (24. Ng3 $1 $11 {keeps the balance.}) 24... Be4 $6 {Inaccuracy. Nxa4 was best.} (24... Nxa4) (24... Nxa4 $2 25. Qg3 $19) ({Black should try} 24... Kh8 $17 25. Ng3 Nxa4) 25. Rxb6 Nxb6 26. Ng3 Bc2 {aiming for ...Kh8.} 27. h5 $2 {Mistake. Bf3 was best.} (27. Bf3 $1) (27. Bf3 $1 $15) 27... Raf8 $17 {[%cal Rf7f6]} 28. hxg6 hxg6 {[%cal Rf7f6]} 29. Nh5 Rh7 30. Ng3 $6 {Inaccuracy. Rd1 was best.} (30. Rd1 Qc6 $1 31. Rd2 Kh8 32. f7 gxh5 33. Rxc2 Rhxf7 34. Qxh5+ Rh7 35. Qxe5+ Kg8) (30. Rd1 $17 Qc6 31. Be3) 30... Kh8 ({Weaker is} 30... Nxa4 31. Bxc4+ Kh8 32. f7 $11) 31. Rf2 {[#]} Bb1 $1 ({Don't take} 31... Nxa4 32. Bxc4 Bd3 33. Bxd3 $15) 32. Nf1 Nd7 33. Ne3 Bd3 ({Resist} 33... Rxf6 34. Nxc4 Qe6 35. Rxf6 $19) 34. Nxc4 Bxc4 35. Bxc4 Rxf6 36. Rd2 Qf8 37. Rd1 {[#]} Rf5 $1 {[%cal Rf5g5]} 38. Qxg6 $2 {Mistake. Rf1 was best.} (38. Rf1 Rxf1+ 39. Bxf1 Kg7 40. Bd3 Qd6 41. Be4 Rh5 42. Qg4 Nf8 43. Bc2 e4) (38. Rf1 {is the only way for White.} Rxf1+ 39. Bxf1) 38... Rfh5 $19 39. Qxh5 Rxh5 40. Rxd7 Qf6 {Strongly threatening ...Qh4.} 41. Be2 Rh7 42. Rd3 Qh4 43. Bd2 Qh1+ 44. Kf2 Rf7+ 45. Kg3 $4 {Checkmate is now unavoidable. Rf3 was best.} (45. Rf3 Qh4+ 46. Kf1 Rxf3+ 47. gxf3 Qxa4 48. Be3 Qc2 49. Kf2 a4 50. Bxc5 Qxc3) 45... Rg7+ 46. Bg4 Qh5 {Accuracy: White = 60%, Black = 89%.} 0-1

[Event "Sharjah Master 2024"]
[Site "Shsrjah - Abu Dhabi"]
[Date "2024.05.16"]
[Round "?"]
[White "Gledura, Benjamin"]
[Black "Adhiban, B.."]
[Result "1/2-1/2"]
[WhiteElo "2619"]
[BlackElo "2520"]
[PlyCount "56"]
[EventDate "2024.05.14"]
[EventCountry "UAE"]

1. d4 d5 2. c4 e6 3. Nf3 Nf6 4. Nc3 Bb4 5. Qa4+ Nc6 6. Qc2 O-O 7. Bg5 h6 8. Bxf6 Qxf6 9. a3 $146 ({RR} 9. e3 a6 10. a3 Bxc3+ 11. Qxc3 Re8 12. Be2 dxc4 13. Bxc4 e5 14. d5 Nd4 15. Nd2 Qg6 16. O-O-O Nb5 17. Bxb5 axb5 18. g3 Bd7 19. Qc2 Qb6 20. Ne4 Bf5 21. f3 b4 22. a4 Qxe3+ 23. Qd2 Qxf3 {Silva Lucena,C (2340)-Diaz Herquinio,B (2051) chess.com INT 2024 0-1 (39)}) 9... Bxc3+ 10. Qxc3 dxc4 11. e3 Re8 12. Bxc4 e5 13. dxe5 Nxe5 14. Nxe5 Qxe5 15. Qxe5 Re7 $4 {Blunder. Rxe5 was best.} (15... Rxe5) 16. Qe6 $4 {Blunder. Qxe7 was best.} (16. Qxe7 Be6 17. Bxe6 fxe6 18. Rd1 Kh7 19. Rd7 Rg8 20. Kd2 Kh8 21. Rc1 Kh7) 16... Rxe6 $4 {Blunder. Bxe6 was best.} (16... Bxe6 17. Bxe6 Rxe6 18. O-O-O Rae8 19. Kb1 Kf8 20. Rd7 Rf6 21. f3 Rxe3 22. Rxc7) 17. Ke2 $4 {Blunder. Bxe6 was best.} (17. Bxe6 Bxe6 18. Rc1 c6 19. Ke2 Bb3 20. Rc3 Bd5 21. f3 Be6 22. e4 Kf8) 17... Re5 18. f3 Be6 19. Bxe6 Rxe6 20. Rhd1 Rae8 21. Rd3 Rc6 22. Rad1 Rc2+ 23. R1d2 Rxd2+ 24. Kxd2 Kf8 25. Rd7 Re7 26. Rd8+ Re8 27. Rd7 Re7 28. Rd8+ Re8 1/2-1/2

[Event "Sharjah Master 2024"]
[Site "Shsrjah - Abu Dhabi"]
[Date "2024.05.16"]
[Round "?"]
[White "Iniyan, Pa"]
[Black "Ivanchuk, Vasyl"]
[Result "1-0"]
[WhiteElo "2493"]
[BlackElo "2609"]
[PlyCount "109"]
[EventDate "2024.05.14"]
[EventCountry "UAE"]

1. d4 d5 2. c4 Nc6 3. Nf3 Bg4 4. Nc3 e6 5. cxd5 exd5 6. Bg5 Be7 7. Bxe7 Ngxe7 8. e3 Qd6 $146 ({RR} 8... O-O 9. Bd3 Bh5 10. O-O Qd6 11. Rc1 a6 12. Be2 Nd8 13. Ne5 Bxe2 14. Nxe2 c6 15. Nf4 Nc8 16. Qg4 Qe7 17. h4 Nd6 18. h5 Re8 19. Rce1 Ne6 20. Nh3 a5 21. f3 a4 22. Qg3 Rad8 23. Qf2 {Balinski,D (2204)-Fromm,M (2454) Orosei ITA 2024 0-1 (43)}) ({RR} 8... O-O 9. Be2 a6 10. O-O Qd6 11. Rc1 Nd8 12. h3 Bh5 13. Qb3 Rb8 14. Rfd1 Ne6 15. Ne5 Bxe2 16. Nxe2 c5 17. Qa3 b5 18. Nd3 b4 19. dxc5 bxa3 20. cxd6 axb2 21. dxe7 {1-0 (21) Putnam,L (2323)-Shandrygin,N (2209) chess.com INT 2024}) 9. Bd3 Nd8 10. Nb5 Qb4+ 11. Qd2 Qxd2+ 12. Kxd2 Bxf3 13. gxf3 Kd7 14. f4 g6 15. b4 a5 16. a3 Ndc6 17. Kc3 Ra6 18. Kb3 Rb6 19. h4 h5 20. Nc3 axb4 21. Na4 Na5+ 22. Ka2 b3+ 23. Kb2 Rf6 24. Nc5+ Kc8 25. Rhg1 Rd8 26. Rg5 $6 {Inaccuracy. a4 was best.} (26. a4 Rb6 27. Rg5 Ng8 28. Kc3 Nh6 29. Rb1 Ng4 30. Rb2 Kb8 31. f5 Rdd6) 26... Nc4+ 27. Bxc4 dxc4 28. Rc1 Rc6 29. Re5 Nf5 30. Ne4 b6 31. d5 Rcd6 32. Nxd6+ $6 {Inaccuracy. Rxf5 was best.} (32. Rxf5 gxf5 33. Nxd6+ Rxd6 34. Rxc4 Rxd5 35. Rc6 Rd2+ 36. Kxb3 Rxf2 37. Kc3 Rh2) 32... Nxd6 33. Re7 Rf8 34. f3 Kd8 $6 {Inaccuracy. b5 was best.} (34... b5 35. e4 Kb7 36. Kc3 Nc8 37. Re5 Nb6 38. Kb4 Ra8 39. Rb1 Ra4+ 40. Kc3) 35. Re4 b5 36. a4 Kd7 37. axb5 Ra8 $4 {Blunder. Rb8 was best.} (37... Rb8 38. Rexc4) 38. Rexc4 Nxc4+ 39. Rxc4 Ra2+ 40. Kxb3 Rf2 $6 {Inaccuracy. Rh2 was best.} (40... Rh2 41. f5 gxf5 42. Kc3 Kd6 43. Rf4 Ke5 44. d6 Kxd6 45. Rxf5 Rxh4 46. Rxf7) 41. Kc3 Rxf3 42. Kd4 Rh3 43. Ra4 $4 {Blunder. e4 was best.} (43. e4) 43... Rxh4 44. Ke5 g5 $4 {Blunder. Rh1 was best.} (44... Rh1 45. b6) 45. b6 cxb6 46. Ra7+ Ke8 47. fxg5 Rh1 $6 {Inaccuracy. Rg4 was best.} (47... Rg4 48. Kf6 Re4 49. Rxf7 Rxe3 50. g6 h4 51. Rh7 Rf3+ 52. Ke6 Re3+ 53. Kd6) 48. g6 fxg6 49. Ke6 Kf8 50. d6 Re1 51. Ra3 Kg7 $6 {Inaccuracy. Rd1 was best.} (51... Rd1 52. d7) 52. Rd3 Rf1 53. d7 Rf6+ 54. Ke5 Rf5+ 55. Ke4 1-0

[Event "Sharjah Master 2024"]
[Site "Shsrjah - Abu Dhabi"]
[Date "2024.05.16"]
[Round "?"]
[White "Gupta, Abhijeet"]
[Black "Zemlyanskii, Ivan"]
[Result "0-1"]
[WhiteElo "2601"]
[BlackElo "2516"]
[PlyCount "89"]
[EventDate "2024.05.14"]
[EventCountry "UAE"]

1. Nf3 Nf6 2. c4 g6 3. Nc3 d5 4. cxd5 Nxd5 5. h4 Bg7 6. e4 Nxc3 7. dxc3 Qxd1+ 8. Kxd1 Nd7 ({RR} 8... h5 9. Kc2 Nd7 10. Bg5 Nc5 11. Nd2 Bh6 12. Bxh6 Rxh6 13. b4 Nd7 14. a4 a5 15. f3 Rh8 16. Bb5 e6 17. Nb3 axb4 18. cxb4 Ke7 19. a5 e5 20. Rhd1 Nf8 21. Bf1 c6 22. Kc3 Ne6 23. Nd2 {Santos Latasa,J (2612)-Mamedyarov,S (2722) chess.com INT 2024 0-1 (42)}) 9. h5 b6 $146 ({RR} 9... Nc5 10. h6 Bf8 11. e5 Bg4 12. Be3 Bxf3+ 13. gxf3 e6 14. Kc2 Nd7 15. f4 Bc5 16. Bg2 O-O-O 17. Rad1 Bxe3 18. fxe3 Nb6 19. b3 Rxd1 20. Rxd1 c6 21. Bf3 Rd8 22. Re1 Kc7 23. Rf1 Rd7 24. Re1 {Xu,Y (2515)-Wan Yunguo (2505) Qingdao CHN 2024 ½-½}) 10. Be3 Bb7 11. Nd2 O-O-O 12. h6 Be5 13. Kc2 f5 14. f3 fxe4 15. Nxe4 Bxe4+ 16. fxe4 Nf6 17. Rh4 Bg3 (17... Nd7) 18. Rh3 Bd6 (18... Be5) 19. Bd3 Rhf8 (19... Be5) 20. Rd1 Ng4 (20... Rh8 21. Ba6+) 21. Ba6+ Kb8 22. b4 c6 23. Kb3 Kc7 24. Be2 $6 {Inaccuracy. a4 was best.} (24. Kc2 Kb8 25. Kb3 Kc7) (24. a4 Nxe3 25. Rxe3 Bf4 26. Rxd8 Kxd8 27. Rd3+ Kc7 28. Rf3 Kd6 29. Rd3+ Kc7) 24... Nf2 25. Bxf2 (25. Ba6 Ng4) 25... Rxf2 26. Bf3 Be5 27. Rxd8 Kxd8 28. Rh1 e6 (28... Kc7) 29. a4 a6 30. Rc1 Ke7 31. Rc2 Rxc2 32. Kxc2 Bf4 33. Be2 (33. e5 Bxe5 34. Be2 Bf4 35. Kd3 a5 36. Kc4 Kd6) 33... a5 34. Kd3 Kd6 35. Kc4 Bxh6 36. e5+ Kxe5 37. bxa5 bxa5 38. Kc5 Bd2 39. c4 Bb4+ 40. Kxc6 Kd4 41. c5 e5 42. Kb5 Bxc5 43. Kxa5 Kc3 44. Kb5 Ba7 45. Kc6 0-1

[Event "Sharjah Master 2024"]
[Site "Shsrjah - Abu Dhabi"]
[Date "2024.05.16"]
[Round "?"]
[White "Royal, Shreyas"]
[Black "Kuybokarov, Temur"]
[Result "1-0"]
[WhiteElo "2463"]
[BlackElo "2600"]
[PlyCount "133"]
[EventDate "2024.05.14"]
[EventCountry "UAE"]

1. d4 Nf6 2. c4 c6 3. Nf3 d5 4. Nbd2 Bf5 5. Nh4 Be4 6. Qb3 Qc7 7. Nxe4 Nxe4 8. Nf3 e6 9. Nd2 Nf6 10. g3 g6 $146 ({RR} 10... Nbd7 11. Bg2 Be7 12. O-O O-O 13. Qc2 Rac8 14. b3 c5 15. dxc5 Bxc5 16. Bb2 b5 17. Rac1 bxc4 18. bxc4 Ne5 19. e3 Bb4 20. Bxe5 Qxe5 21. Nf3 Qb8 22. Qb3 {½-½ (22) Guo,A (2255)-Mosquera,M (2365) Sunnyvale USA 2024}) 11. Bg2 Bg7 12. O-O O-O 13. Qc2 a5 14. b3 Na6 15. Bb2 Rfd8 16. a3 Rac8 17. Rac1 h5 18. h4 Qe7 19. Rfd1 Nc7 20. Bc3 Ra8 21. Qb2 Nce8 22. e4 dxe4 23. Nxe4 Nxe4 24. Bxe4 Nf6 25. Bg2 Ng4 26. Re1 Qf8 27. Rcd1 Bf6 28. d5 Bxc3 29. Qxc3 Qc5 30. Qd4 Qxa3 31. Qb6 cxd5 32. cxd5 Rd6 33. Qxb7 Rad8 34. Bf3 Qc5 35. Bxg4 hxg4 36. Qe7 R8d7 37. Qe8+ Kg7 38. dxe6 fxe6 $4 {Blunder. Rxd1 was best.} (38... Rxd1 39. exd7 Rd2 40. Qe5+ Qxe5 41. Rxe5 Rxd7 42. Rxa5 Rb7 43. Ra3 f5 44. Kg2) 39. Rxd6 $2 {Mistake. Qxd7+ was best.} (39. Qxd7+ Rxd7 40. Rxd7+ Kf6 41. Rd3 Qb5 42. Rde3 Kg7 43. Rxe6 Qb4 44. Re7+ Kf6) 39... Rxd6 40. Qe7+ Kg8 41. Qe8+ Kg7 42. Rxe6 $4 {Blunder. Qe7+ was best.} (42. Qe7+ Kg8 43. Rf1 Qb6 44. Qg5 e5 45. Qxg4 Rf6 46. Qc4+ Kg7 47. Qd5 e4) 42... Rd1+ 43. Re1 Qd5 44. Qe7+ Kg8 45. Kh2 Rxe1 46. Qxe1 Qxb3 47. Qxa5 Qf3 48. Qa7 Qf5 49. Qb8+ Kf7 50. Qc7+ Kf6 51. Qb6+ Kg7 52. Qd4+ Kf7 53. Kg2 Qf3+ 54. Kf1 Kg8 55. Ke1 Qf5 56. Kd2 g5 $4 {Blunder. Qa5+ was best.} (56... Qa5+ 57. Ke3 Qa3+ 58. Qd3 Qc5+ 59. Ke2 Qe5+ 60. Kd1 Qa1+ 61. Kc2 Qa2+ 62. Kc3) 57. hxg5 Qxg5+ 58. Qf4 Qg6 59. Qe5 Qh6+ 60. Kd3 $4 {Blunder. Qe3 was best.} (60. Qe3) 60... Qa6+ 61. Ke3 Qa3+ 62. Kf4 Qf3+ 63. Kg5 Qxf2 64. Qb8+ Kg7 65. Qc7+ Kg8 $4 {Checkmate is now unavoidable. Qf7 was best.} (65... Qf7 66. Qxf7+ Kxf7 67. Kf5 Kg7 68. Kxg4 Kg6 69. Kh4 Kh6 70. g4 Kg6 71. Kg3) 66. Kg6 Kf8 67. Qd8# 1-0

[Event "Sharjah Master 2024"]
[Site "Shsrjah - Abu Dhabi"]
[Date "2024.05.16"]
[Round "?"]
[White "Vakhidov, Jakhongir"]
[Black "Madaminov, Mukhiddin"]
[Result "1-0"]
[WhiteElo "2599"]
[BlackElo "2504"]
[PlyCount "77"]
[EventDate "2024.05.14"]
[EventCountry "UAE"]

1. c4 Nf6 2. Nc3 e5 3. Nf3 Nc6 4. e4 Bb4 5. d3 d6 6. a3 Bc5 7. b4 Bb6 8. Na4 Bd4 9. Rb1 Bg4 10. Be2 Bxf3 11. Bxf3 a6 12. Qd2 O-O 13. O-O Ba7 14. Nc3 Nd4 15. Bd1 b5 16. Kh1 c6 $146 ({RR} 16... bxc4 17. dxc4 Nd7 18. Bb2 Qh4 19. Ne2 Nxe2 20. Qxe2 Nf6 21. f3 Nh5 22. Qe1 Qxe1 23. Rxe1 Nf4 24. Bc2 f6 25. g3 Ne6 26. Kg2 Kf7 27. Red1 Ke7 28. Ba4 Bd4 29. Bc6 Rab8 30. Bd5 Bxb2 31. Rxb2 {Chan,P (1557)-Li,Y (1844) Hong Kong HKG 2023 0-1 (66)}) 17. a4 h6 18. axb5 axb5 19. cxb5 Nxb5 20. Nxb5 cxb5 21. Bb2 d5 22. Bxe5 dxe4 23. Bxf6 Qxf6 24. dxe4 Rad8 25. Qe2 Rd4 26. Bb3 Qe7 27. e5 Rxb4 28. f4 Kh8 29. Bc2 Rd8 30. Rbe1 Qc5 $6 {Inaccuracy. Rc4 was best.} (30... Rc4 31. Rb1 Rc3 32. Rb3 Rxb3 33. Bxb3 g6 34. Qxb5 Bd4 35. Qc6 Kg7 36. Rd1) 31. e6 $6 {Inaccuracy. Bb1 was best.} (31. Bb1) 31... fxe6 32. f5 exf5 $6 {Inaccuracy. Bb8 was best.} (32... Bb8 33. fxe6 Rh4 34. g3 Bxg3 35. e7 Re8 36. Rf5 Qd6 37. Ref1 Bf4 38. Bb1) 33. Rxf5 Qc8 $4 {Blunder. Qc4 was best.} (33... Qc4 34. Qe7 Rg8 35. Rf8 Qxc2 36. Qxb4 Rxf8 37. Qxf8+ Kh7 38. Qf1 Bd4 39. Rc1) 34. Rd5 Rg8 35. Qd3 g6 36. Rd7 Qc5 $4 {Checkmate is now unavoidable. Bc5 was best.} (36... Bc5 37. Qd2 Rf4 38. Qxf4 Qxd7 39. Qe5+ Rg7 40. Qxc5 Kh7 41. Bb1 Qc7 42. Qxb5) 37. Rd8 $4 {Lost forced checkmate sequence. Qxg6 was best.} (37. Qxg6 Qg1+ 38. Rxg1 Rxg6 39. Re1 Be3 40. Rxe3 Re4 41. Rxe4 Rg8 42. Rh7+ Kxh7) 37... Qb6 $4 {Checkmate is now unavoidable. Qf5 was best.} (37... Qf5 38. Qc3+ Bd4 39. Qxb4 Qc5 40. Qxd4+ Qxd4 41. Rxd4 Rg7 42. Rd6 b4 43. Rb6) 38. Rxg8+ Kxg8 39. Re8+ 1-0

[Event "Sharjah Master 2024"]
[Site "Shsrjah - Abu Dhabi"]
[Date "2024.05.16"]
[Round "?"]
[White "Mendonca, Leon Luke"]
[Black "Gholami Orimi, Mahdi"]
[Result "1-0"]
[WhiteElo "2640"]
[BlackElo "2470"]
[PlyCount "87"]
[EventDate "2024.05.14"]
[EventCountry "UAE"]

1. e4 c5 2. Nf3 a6 3. c4 Nc6 4. d4 cxd4 5. Nxd4 Nf6 6. Nc3 e5 7. Nc2 Bc5 8. Be3 Bxe3 9. Nxe3 d6 10. Bd3 $146 ({RR} 10. Be2 O-O 11. O-O Nd4 12. Bg4 Nxg4 13. Nxg4 f5 14. exf5 Rxf5 15. Ne3 Rg5 16. f4 Rg6 17. Ncd5 b5 18. f5 Rh6 19. Ng4 Rh4 20. g3 Rxg4 21. Qxg4 bxc4 22. Rac1 Bb7 23. f6 g6 24. f7+ Kf8 {Peng,Z (1081)-Yao,W Shanghai CHN 2024 1-0 (45)}) 10... O-O 11. O-O Be6 12. Rc1 Rc8 13. b3 Kh8 14. Kh1 Nd4 15. f4 exf4 16. Rxf4 Nd7 17. Qh5 Ne5 18. Bb1 g6 19. Qh6 f6 20. Nf5 Qd7 21. Nxd4 Nf7 22. Qh4 g5 23. Qh5 gxf4 24. e5 Ng5 $4 {Blunder. Nd8 was best.} (24... Nd8 25. exd6 f5 26. Qh6 Qg7 27. Qxg7+ Kxg7 28. Na4 Kf6 29. Re1 Rf7 30. Bd3) 25. exf6 Rc5 26. Qh6 Rg8 27. h4 f3 $6 {Inaccuracy. Re5 was best.} (27... Re5 28. hxg5 Rgxg5 29. Bf5 Rexf5 30. Nxf5 Rg6 31. Qf8+ Rg8 32. Qxd6 Qf7 33. Qxf4) 28. hxg5 Rgxg5 29. Nd5 Rgxd5 $6 {Inaccuracy. Bxd5 was best.} (29... Bxd5 30. Qxg5 Qf7 31. Kg1 Bxc4 32. Bf5 Qg6 33. Qxg6 hxg6 34. Rxc4 gxf5 35. Rxc5) 30. cxd5 Rxc1+ 31. Qxc1 Bxd5 32. gxf3 Qh3+ 33. Kg1 Qg3+ 34. Kf1 Qh3+ 35. Ke2 Qg2+ 36. Kd3 Qg6+ 37. Kc3 Qxf6 38. Qh1 Bg8 39. Qh5 b5 40. Be4 Qe7 41. Kd3 Qf6 42. Qe8 Qg5 43. Qf8 d5 $6 {Inaccuracy. Qe5 was best.} (43... Qe5 44. f4 Qg7 45. Qxd6 Qg3+ 46. Bf3 Qg6+ 47. Qxg6 hxg6 48. Ke4 Kg7 49. Ke5) 44. Bxd5 1-0

[Event "Sharjah Master 2024"]
[Site "Shsrjah - Abu Dhabi"]
[Date "2024.05.16"]
[Round "?"]
[White "Sivuk, Vitaly"]
[Black "Esipenko, Andrey"]
[Result "1/2-1/2"]
[WhiteElo "2541"]
[BlackElo "2703"]
[PlyCount "47"]
[EventDate "2024.05.14"]
[EventCountry "UAE"]

1. d4 Nf6 2. c4 e6 3. Nc3 Bb4 4. e3 O-O 5. Bd3 d5 6. Nf3 c5 7. O-O dxc4 8. Bxc4 Nc6 9. a3 Ba5 10. Ne2 cxd4 11. Nexd4 Nxd4 ({RR} 11... Bd7 12. b4 Bc7 13. Bb2 Qe7 14. Rc1 Rac8 15. Qe2 a5 16. bxa5 Bxa5 17. Rfd1 h6 18. h3 Rfd8 19. Nb5 Be8 20. Rxd8 Rxd8 21. Rd1 Nd5 22. Bxd5 exd5 23. Nbd4 f6 24. Qc2 Bc7 25. Qf5 Bf7 26. Rc1 {Grigoriants,S (2535)-Caruana,F (2805) chess.com INT 2024 0-1 (56)}) 12. Nxd4 $146 ({RR} 12. Qxd4 Qxd4 13. Nxd4 Bb6 14. Nf3 Rd8 15. b3 Bd7 16. Bb2 Be8 17. Rfd1 Ne4 18. Rac1 Nd6 19. Be2 f6 20. Nd2 Bc6 21. Kf1 Bd5 22. Bf3 Bxf3 23. Nxf3 e5 24. Ke2 Kf7 25. Nd2 Rac8 26. h4 h5 {Bakhrillaev,B (2298)-Lashkin,J (2449) Dubai Police Officers Club, A 2024 0-1 (63)}) ({RR} 12. Qxd4 Qe7 13. b4 Bc7 14. Bb2 b6 15. Rfd1 Bb7 16. Rac1 h6 17. Ne5 Rfd8 18. Qh4 Rxd1+ 19. Rxd1 Rd8 20. Rxd8+ Qxd8 21. Qd4 Qxd4 22. Bxd4 Kf8 23. f3 Ke7 24. Kf2 Ne8 25. Bb5 Nd6 26. Nc6+ Bxc6 {Bakhrillaev,B (2325)-Faizrakhmanov,R (2454) Moscow RUS 2024 0-1 (54)}) ({RR} 12. Qxd4 Qxd4 13. Nxd4 Bb6 14. Nf3 Rd8 15. b3 Bd7 16. Bb2 Be8 17. Rfd1 Ne4 18. Rac1 Nd6 19. Be2 f6 20. Nd2 Bc6 21. Kf1 Bd5 22. Bf3 Bxf3 23. Nxf3 e5 24. Ke2 Kf7 25. Nd2 Rac8 26. h4 h5 {Bakhrillaev,B (2301)-Lashkin,J (2449) Dubai UAE 2024 0-1 (63)}) 12... Bc7 13. Qe2 Bd7 14. Bd2 Qb8 15. h3 Rc8 16. Rfd1 a6 17. Be1 b5 18. Ba2 Qb7 19. Rac1 Bb6 20. Qf3 Qxf3 21. Nxf3 Rxc1 22. Rxc1 Rc8 23. Rxc8+ Bxc8 24. Bc3 1/2-1/2

[Event "Sharjah Master 2024"]
[Site "Shsrjah - Abu Dhabi"]
[Date "2024.05.16"]
[Round "?"]
[White "Nikitenko, Mihail"]
[Black "Yilmaz, Mustafa"]
[Result "1-0"]
[WhiteElo "2525"]
[BlackElo "2641"]
[PlyCount "53"]
[EventDate "2024.05.14"]
[EventCountry "UAE"]

{[%evp 16,53,43,10,16,14,8,-4,64,38,40,39,43,35,36,29,28,-48,-36,-49,-41,-238,-234,-238,-238,-238,-229,-226,-12,-16,0,0,411,271,378,374,373,373,1022,970]} 1. e4 c5 2. Nf3 d6 3. d4 cxd4 4. Nxd4 Nf6 5. Nc3 a6 6. Be3 e5 7. Nb3 Be6 8. Qd2 Nbd7 9. f4 b5 10. O-O-O $146 ({RR} 10. f5 Bc4 11. O-O-O Be7 12. Kb1 Qc7 13. g4 h6 14. Rg1 (14. a3 $11) 14... b4 15. Nd5 Nxd5 16. exd5 a5 17. Nc1 (17. Bxc4 $11 {keeps the balance.} Qxc4 18. Qd3 Qxd3 19. Rxd3) 17... Nf6 18. Bxc4 Qxc4 19. Qd3 Rc8 20. h3 Ne4 21. Qxc4 Rxc4 22. Nb3 Bd8 $1 23. Nd2 Nxd2+ 24. Rxd2 (24. Bxd2 $17 {keeps fighting.} Bb6 25. Rg3) 24... Bg5 {Baules,J (2291)-Dominguez Perez,L (2752) chess.com INT 2024 0-1 (33)}) 10... Be7 11. h3 h5 (11... O-O $11) 12. Rg1 h4 13. Kb1 Rc8 14. a3 Qc7 15. f5 Bc4 16. g4 $6 {Inaccuracy. Bd3 was best.} (16. Bd3 Bxd3 17. Qxd3 Qc4 18. Nd2 Qxd3 19. cxd3 d5 20. Nxd5 Nxd5 21. exd5 Nf6) ({White should play} 16. Bd3 $11) 16... hxg3 $1 $15 17. Rxg3 {[#]} d5 $1 {[%cal Rd5d4][%mdl 512]} 18. Rxg7 $2 {Mistake. exd5 was best.} (18. exd5) (18. exd5 $15 Bxf1 19. Rxf1) (18. Nxd5 Bxd5) 18... Bxb3 $1 $19 19. cxb3 d4 20. Bxd4 exd4 21. Qxd4 Bxa3 $4 {Blunder. Qe5 was best.} (21... Qe5 22. Rg2 Qxd4 23. Rxd4 Kf8 24. a4 Rxh3 25. axb5 Rh1 26. Rd1 axb5 27. Bxb5) (21... Qe5 $19 {...Qxd4 is the strong threat.} 22. Rg2 Qxd4 23. Rxd4 Ne5) 22. b4 $11 Rh4 23. Rg2 {[#]} Rxh3 $4 {Blunder. Bxb2 was best.} (23... Bxb2 24. Kxb2 Kf8 25. Re2 Ne5 26. Re3 Nxe4 27. Rxe4 Rxe4 28. Nxe4 Qc2+ 29. Ka1 $1) (23... Bxb2 $1 $11 {[%mdl 512] and Black is okay.} 24. Kxb2 Kf8) 24. Nd5 Nxd5 25. exd5 Bxb2 26. Qxb2 ({Not} 26. Rxb2 Rh2 $11) 26... Re3 $4 {Blunder. Qc3 was best.} (26... Qc3 27. Rg8+ Nf8 28. Bxh3 Qxh3 29. Qe5+ Kd7 {[#]} 30. Rg3 $1 {[%cal Rg3h3]} Qh4 31. Rb3 Qc4 32. Rb2) (26... Qc3 $142 27. Rg8+ {[%mdl 64] Discovered Attack} Nf8 28. Bxh3 Qxh3) 27. d6 {Accuracy: White = 62%, Black = 58%.} 1-0

[Event "Sharjah Master 2024"]
[Site "Shsrjah - Abu Dhabi"]
[Date "2024.05.16"]
[Round "?"]
[White "Pranav Anand"]
[Black "Sargsyan, Shant"]
[Result "1/2-1/2"]
[WhiteElo "2530"]
[BlackElo "2637"]
[PlyCount "57"]
[EventDate "2024.05.14"]
[EventCountry "UAE"]

1. e4 c5 2. Nf3 Nc6 3. Bb5 e6 4. Bxc6 bxc6 5. b3 f6 6. d3 e5 $146 ({RR} 6... Ne7 7. Nh4 g6 8. f4 Bg7 9. O-O O-O 10. Qe2 g5 11. Nf3 d6 12. c3 h6 13. Be3 gxf4 14. Bxf4 Ng6 15. g3 e5 16. Be3 f5 17. exf5 Bxf5 18. Nbd2 Qd7 19. Ne1 Bg4 20. Qg2 Ne7 21. Ne4 {Mills,M (2018)-Ouellet,M (2267) Toronto CAN 2024 0-1}) 7. Nh4 Ne7 8. f4 exf4 9. Bxf4 d5 10. O-O (10. g3 $4 {Blunder. O-O was best.} g5 $2 {Mistake. h5 was best.} (10... h5 11. Bc1 g5 12. Ng2 dxe4 13. dxe4 Qxd1+ 14. Kxd1 Bg4+ 15. Ke1 Bf3 16. Kf2) 11. O-O $4 {Blunder. Qh5+ was best.} (11. Qh5+ Kd7 12. Qg4+ Ke8 13. Qh5+) 11... Kd7 $4 {Blunder. gxh4 was best.} (11... gxh4 12. exd5 Qxd5 13. Rf2 Ng6 14. Qf1 Be7 15. Nc3 Qd4 16. Ne2 Qd7 17. Re1) 12. Qg4+ (12. Qh5) 12... Ke8 13. Qh5+ Kd7 14. Bd2) 10... g5 11. Qh5+ Kd7 12. Bd2 gxh4 13. Rxf6 Qe8 14. Rf7 (14. Rd6+ Kxd6 15. Qxe8 Bg7) 14... Kc7 15. exd5 Bg7 16. Nc3 Bd4+ (16... Bf8 17. Nb1 Bg7) 17. Kh1 Bg4 18. d6+ Kb6 (18... Kxd6 19. Qxg4 Qxf7 (19... Kc7)) 19. Qxg4 Qxf7 20. dxe7 Qxe7 21. Na4+ Kb7 22. c3 Rag8 23. Qh3 (23. Qxh4 Bf2) 23... Bf2 (23... Ra8) 24. b4 cxb4 25. d4 Rf8 26. Nc5+ Ka8 27. Nd7 Be1 (27... Rhg8) 28. Nxf8 Rxf8 (28... Rg8) 29. Bxe1 1/2-1/2